000 00463nam a2200157Ia 4500
008 231217s9999 xx 000 0 und d
041 _aEnglish
082 _a658.076 CHO1
100 _aChopra, Ravi
245 0 _aMaster key to MBA entrance exam: Single key for every MBA entrance
250 _a8th ed.
260 _c2002
_bGalgotia
_aNew Delhi
300 _ax-F-8+14
650 _aMaster,key,MBA,entrance,exam:,Single,key,every,MBA,entrance
942 _cAA
999 _c170040
_d170040